| 000 | 00542nam a2200193Ia 4500 | ||
|---|---|---|---|
| 003 | GCL | ||
| 008 | 140319s9999 xx 000 0 eng d | ||
| 040 |
_aGCL / _cGCL |
||
| 082 | 0 | 4 |
_a628.2 _bM W |
| 100 | 1 | _aGEORGE, TCHOBONOGLOUS | |
| 245 | 1 | 0 |
_aWAST WATER ENGINEERING TREATMENT DISPOSAL AND REUSE / _cGEORGE, TCHOBONOGLOUS |
| 700 | 1 | _aMETCALF, EDDY INC | |
| 260 |
_a[S.N] : _bTATA MCGRAW - HILL PUBLISHING ، _c1995 |
||
| 300 | _a132 P | ||
| 650 | 0 | 4 | _aSEWERAGE |
| 650 | 0 | 4 | _aSEWAGE DISPOSAL |
| 650 | 0 | 4 | _aWASTE WATER |
| 942 |
_2ddc _cBK |
||
| 999 |
_c10632 _d10632 |
||